Quiz o Gorlicach - Statystyki

Ogólne statystyki
  • Ten quiz został rozwiązany 75 razy
  • Średni wynik to 7 z 17
Statystyki odpowiedzi
Wskazówka Odpowiedź % Poprawnych
Powiat, w którym leżą Gorlice Powiat {gorlicki}
97%
Powiaty, które graniczą z powyższym Powiat {nowosądecki}
84%
Powiaty, które graniczą z powyższym Powiat {jasielski}
76%
Powiaty, które graniczą z powyższym Powiat {tarnowski}
71%
Konstruktor powyższego Ignacy Łukasiewicz
58%
Dwie główne rzeki przebiegające przez Gorlice Ropa | Sękówka
58%
Na skrzyżowaniu ulic Węgierskiej i Kościuszki znajduje siępierwsza na świecie... lampa naftowa
55%
Nazwa jedynego klubu piłkarskiego w Gorlicach GKS Glinik Gorlice
52%
Nazwa jednej ze stacji kolejowej w Gorlicach (wyłączając stację, która została nazwana po nazwie miasta) Gorlice Zagórzany | Gorlice Glinik
35%
Obecny burmistrz Gorlic Rafał Kukla
34%
W dniach 2-12 maja 1915r. w Gorlicach odbyła się bitwa. Nazwijprzegranego tego bitwy (wpisz pełną nazwę) Imperium Rosyjskie
21%
W najnowszych opracowaniach powyższa bitwa także jest określana jako... Małe Verdun
10%
W Gorlicach i okolicach znajduję się duża ilość... Cmentarzy wojennych
8%
Jedyna prawosławna parafia w Gorlicach Parafia {Świętej Trójcy} w Gorlicach
8%
Polski ksiądz, jezuita, artysta urodzony 7 czerwca 1825r. w Gorlicach Antoni Reichenberg
5%
Pierwszy burmistrz Gorlic Marcin Piąkosz
5%
Jedna z najstarszych części Gorlic, pochodząca jeszcze za czasów Bolesława Chrobrego, najprawdopodobniej zbudowana w celu umocnienia granicy z Czechami Stróżówka
5%
Nie znaleziono quizów pasujących do podanych kryteriów
Rozkład punktacji
Procent ludzi z każdym wynikiem
Percentyl według liczby udzielonych odpowiedzi
Twoja historia wyników
Nie rozwiązałeś tego quizu